Ruotsin suurimmat kaupungit - Statistics

Yleistilastot
  • Tätä visaa on pelattu 1 826 kertaa
  • Keskiarvotulos 7 / 15
Vastaustilastot
Väkiluku Kaupunki % Oikein
1 611 776 Tukholma
100%
324 002 Malmö
94%
604 829 Göteborg
90%
165 456 Uppsala
69%
90 412 Uumaja
57%
100 259 Jönköping
50%
115 672 Linköping
47%
113 816 Helsingborg
45%
97 854 Norrköping
38%
126 009 Örebro
33%
128 534 Västerås
29%
77 586 Gävle
28%
94 393 Lund
24%
75 773 Södertälje
18%
73 980 Borås
13%
Ehtoja vastaavia visoja ei löytynyt
Tulosjakauma
Jokaisen tuloksen saaneiden osuus
Persentiili vastausten määrän mukaan
Tuloshistoriasi
Et ole pelannut tätä visaa